Detalles MARC
| 000 -CABECERA |
| campo de control de longitud fija |
00887cam a2200253 a 4500 |
| 001 - NÚMERO DE CONTROL |
| campo de control |
000010883 |
| 005 - FECHA Y HORA DE LA ÚLTIMA TRANSACCIÓN |
| campo de control |
20200929162318.0 |
| 008 - DATOS DE LONGITUD FIJA--INFORMACIÓN GENERAL |
| campo de control de longitud fija |
750807s1968 ve a b 000 0 spa |
| 040 ## - FUENTE DE LA CATALOGACIÓN |
| Centro catalogador/agencia de origen |
DO-SdBNP |
| Lengua de catalogación |
spa |
| Centro/agencia transcriptor |
LC |
| Centro/agencia modificador |
BNPHU |
| 082 ## - NÚMERO DE LA CLASIFICACIÓN DECIMAL DEWEY |
| Número de clasificación |
581.4 |
| Número de documento/Ítem |
R845ó |
| 049 ## - FONDOS LOCALES (OCLC) |
| Fondos de biblioteca |
BNGR |
| 100 1# - ENTRADA PRINCIPAL--NOMBRE DE PERSONA |
| Nombre de persona |
Roth, Ingrid. |
| 9 (RLIN) |
26243 |
| 245 10 - MENCIÓN DE TÍTULO |
| Título |
Organografía comparada de las plantas superiores / |
| Mención de responsabilidad, etc. |
Ingrid Roth. |
| 260 ## - PUBLICACIÓN, DISTRIBUCIÓN, ETC. |
| Lugar de publicación, distribución, etc. |
Caracas : |
| Nombre del editor, distribuidor, etc. |
Universidad Central de Venezuela ; |
| -- |
Ediciones de la Biblioteca, |
| Fecha de publicación, distribución, etc. |
1968. |
| 300 ## - DESCRIPCIÓN FÍSICA |
| Extensión |
245 p. : |
| Otras características físicas |
il. ; |
| Dimensiones |
22 cm. |
| 490 1# - MENCIÓN DE SERIE |
| Mención de serie |
Ediciones de la Biblioteca, |
| Designación de volumen o secuencia |
37 |
| 490 1# - MENCIÓN DE SERIE |
| Mención de serie |
Ciencias Biológicas, |
| Designación de volumen o secuencia |
5 |
| 504 ## - NOTA DE BIBLIOGRAFÍA, ETC. |
| Nota de bibliografía, etc. |
Bibliografía: p. [221]-225. |
| 650 #4 - PUNTO DE ACCESO ADICIONAL DE MATERIA--TÉRMINO DE MATERIA |
| Término de materia o nombre geográfico como elemento de entrada |
Morfología botánica |
| 9 (RLIN) |
26244 |
| 650 #4 - PUNTO DE ACCESO ADICIONAL DE MATERIA--TÉRMINO DE MATERIA |
| Término de materia o nombre geográfico como elemento de entrada |
Morfogenésis de las plantas |
| 9 (RLIN) |
26245 |
| 830 #0 - PUNTO DE ACCESO ADICIONAL DE SERIE-TÍTULO UNIFORME |
| Título uniforme |
Ediciones de la Biblioteca, |
| Designación de volumen o secuencia |
37 |
| 9 (RLIN) |
14122 |
| 830 #0 - PUNTO DE ACCESO ADICIONAL DE SERIE-TÍTULO UNIFORME |
| Título uniforme |
Ciencias Biológicas, |
| Designación de volumen o secuencia |
5 |
| 9 (RLIN) |
26246 |
| 910 ## - DATOS DE OPCIÓN DEL USUARIO (OCLC) |
| Datos de opción del usuario |
Catalogación por copia / LC |